مكتبة جامعة عجلون الوطنية

فهرس بحث المكتبة

Normal view MARC view
  • المعاملات - فقة اسلامي - العقود - فقة اسلامي

Entry Topical Term

Number of records used in: 1

001 - CONTROL NUMBER

  • control field: 34328

003 - CONTROL NUMBER IDENTIFIER

  • control field: JO-AjAnu

005 - DATE AND TIME OF LATEST TRANSACTION

  • control field: 20230606075742.0

008 - FIXED-LENGTH DATA ELEMENTS

  • fixed length control field: 230606|| aca||aabn | a|a d

040 ## - CATALOGING SOURCE

  • Original cataloging agency: JO-AjAnu
  • Transcribing agency: JO-AjAnu

150 ## - HEADING--TOPICAL TERM

  • Topical term or geographic name entry element: المعاملات - فقة اسلامي - العقود - فقة اسلامي

670 ## - SOURCE DATA FOUND

  • Source citation: Work cat.: (JO-AjAnu)17633: إعداد جاب الله، شيما حامد, author 34327, المعاملات المالية في العقود الإسلامية بين الإمام الألوسي والمذاهب الفقهية:( دراسة مقارنة)